[Event "2. Wittelsbacher Weihnachts-Schach-Open"]
[Site "Kelheim"]
[Date "2013.12.29"]
[Round "5.8"]
[White "Schwenck, Mathias"]
[Black "Maurer, Heinrich"]
[Result "0-1"]
[WhiteElo "1920"]
[BlackElo "2115"]
[PlyCount "48"]
[EventDate "2013.??.??"]
[WhiteTeam "SC Moosburg 1956 e.V."]
[BlackTeam "SK Kelheim 1920"]

1. d4 Nf6 2. c4 g6 3. Nc3 Bg7 4. e4 d6 5. Be2 O-O 6. Bg5 c5 7. d5 b5 8. cxb5 a6
9. Nf3 axb5 10. Bxb5 Nxe4 11. Nxe4 Qa5+ 12. Nc3 Bxc3+ 13. bxc3 Qxb5 14. Qe2 Ba6
15. Qxb5 Bxb5 16. Nd2 Bd3 17. f3 Nd7 18. Kf2 f6 19. Ke3 c4 20. Bh4 Ra5 21. a4
Nb6 22. Ra3 Nxd5+ 23. Kf2 Rfa8 24. Rha1 Nb6 0-1

[Event "2. Wittelsbacher Weihnachts-Schach-Open"]
[Site "Kelheim"]
[Date "2013.12.29"]
[Round "5.9"]
[White "Kümpers, Ulrich"]
[Black "Fuhrmann, Max"]
[Result "0-1"]
[WhiteElo "2011"]
[BlackElo "2130"]
[PlyCount "66"]
[EventDate "2013.??.??"]
[WhiteTeam "SC Tarrasch 45 München"]
[BlackTeam "SK Kelheim 1920"]

1. d4 Nf6 2. c4 g6 3. Nc3 d5 4. Bf4 Bg7 5. e3 c6 6. Qb3 O-O 7. Nf3 Qa5 8. Be2
Nbd7 9. O-O dxc4 10. Bxc4 Nb6 11. Bc7 Ne8 12. Bxb6 axb6 13. Be2 Be6 14. Qc2 Nd6
15. Rac1 b5 16. a3 b4 17. axb4 Qxb4 18. Nd2 f5 19. f4 Bf7 20. Ra1 c5 21. d5 c4
22. Bf3 Qc5 23. Kf2 b5 24. Rad1 Rfc8 25. Kg3 b4 26. Ncb1 Ra2 27. e4 Rxb2 28.
Qc1 c3 29. e5 Nb5 30. Rfe1 Nd4 31. Nf1 Nxf3 32. gxf3 Qf2+ 33. Kh3 Qxf3+ 0-1

[Event "2. Wittelsbacher Weihnachts-Schach-Open"]
[Site "Kelheim"]
[Date "2013.12.29"]
[Round "5.10"]
[White "Belz, Frank-Martin"]
[Black "Strasser, Josef"]
[Result "1/2-1/2"]
[WhiteElo "2002"]
[BlackElo "1887"]
[PlyCount "48"]
[EventDate "2013.??.??"]
[WhiteTeam "SK Freising"]
[BlackTeam "Schach-Union München e.V."]

1. Nf3 d5 2. c4 e6 3. b3 Be7 4. Bb2 Bf6 5. Qc2 Bxb2 6. Qxb2 Qf6 7. d4 c6 8. e3
Nd7 9. Be2 Qe7 10. O-O f5 11. Nbd2 Ngf6 12. c5 Ne4 13. b4 Ndf6 14. Ne5 Nxd2 15.
Qxd2 Nd7 16. Bh5+ Kf8 17. Nxd7+ Bxd7 18. a4 a6 19. b5 cxb5 20. axb5 Bxb5 21.
Rfb1 Bc6 22. Rb6 g6 23. Be2 Qd7 24. f4 Kf7 1/2-1/2

[Event "2. Wittelsbacher Weihnachts-Schach-Open"]
[Site "Kelheim"]
[Date "2013.12.29"]
[Round "5.11"]
[White "Zankl, Stephan"]
[Black "Weigert, Wilhelm"]
[Result "0-1"]
[WhiteElo "1526"]
[BlackElo "2021"]
[PlyCount "62"]
[EventDate "2013.??.??"]
[WhiteTeam "TSV Nittenau"]
[BlackTeam "SK Kelheim 1920"]

1. d4 Nf6 2. Nf3 c5 3. c3 g6 4. e3 Bg7 5. Bd3 O-O 6. dxc5 Qc7 7. Qc2 Qxc5 8.
Nbd2 d5 9. Nb3 Qb6 10. O-O Nc6 11. e4 dxe4 12. Bxe4 Nxe4 13. Qxe4 Bf5 14. Qe2
e5 15. Be3 Qc7 16. Rad1 b6 17. h3 h6 18. Rd2 Be6 19. Rfd1 Rad8 20. Nc1 Rxd2 21.
Rxd2 Na5 22. Rd1 Nc4 23. Nd2 Nxb2 24. Rf1 Nc4 25. h4 Nxe3 26. Qxe3 Rc8 27. Nd3
Bxa2 28. Nb4 Be6 29. Ra1 a5 30. Nd3 Qxc3 31. Rc1 Qd4 0-1

[Event "2. Wittelsbacher Weihnachts-Schach-Open"]
[Site "Kelheim"]
[Date "2013.12.29"]
[Round "5.12"]
[White "Seitner, Ralf"]
[Black "Meul, Willi"]
[Result "1/2-1/2"]
[WhiteElo "1902"]
[BlackElo "1867"]
[PlyCount "39"]
[EventDate "2013.??.??"]
[WhiteTeam "SK Ingolstadt"]
[BlackTeam "SV 1925 Hürth-Berrenrath"]

1. d4 Nf6 2. c4 g6 3. Nc3 d5 4. Bf4 c6 5. e3 Bg7 6. Nf3 O-O 7. Be2 dxc4 8. Bxc4
Nbd7 9. h3 Nb6 10. Bb3 Nbd5 11. Bh2 b6 12. O-O Bb7 13. a3 Rc8 14. Rc1 Nxc3 15.
bxc3 c5 16. Qe2 e6 17. Be5 Qe7 18. Qa2 Nd7 19. Bxg7 Kxg7 20. Nd2 1/2-1/2

[Event "2. Wittelsbacher Weihnachts-Schach-Open"]
[Site "Kelheim"]
[Date "2013.12.29"]
[Round "5.13"]
[White "Nussbaumer Johann"]
[Black "Eibl, Maximilian"]
[Result "1/2-1/2"]
[WhiteElo "2014"]
[BlackElo "2168"]
[PlyCount "51"]
[EventDate "2013.??.??"]
[WhiteTeam "ASK St. Valentin"]
[BlackTeam "SK Kelheim 1920"]

1. d4 Nf6 2. c4 e6 3. Nc3 Bb4 4. Qc2 b6 5. e4 c5 6. d5 exd5 7. exd5 O-O 8. Bd3
d6 9. Nge2 Bg4 10. O-O Bxc3 11. Nxc3 Na6 12. a3 Nc7 13. h3 Bc8 14. Re1 h6 15.
Bf5 b5 16. Bxc8 Rxc8 17. b3 Re8 18. Rxe8+ Qxe8 19. Bd2 Qd7 20. a4 bxc4 21. bxc4
Na6 22. Ne4 Nxe4 23. Qxe4 Re8 24. Qb1 Rb8 25. Qe4 Re8 26. Qb1 1/2-1/2

[Event "2. Wittelsbacher Weihnachts-Schach-Open"]
[Site "Kelheim"]
[Date "2013.12.29"]
[Round "5.14"]
[White "Stutz, Robert"]
[Black "Winterholler, Christina"]
[Result "1/2-1/2"]
[WhiteElo "1859"]
[BlackElo "1955"]
[PlyCount "52"]
[EventDate "2013.??.??"]
[WhiteTeam "TSV Grossmehring"]
[BlackTeam "SK Ingolstadt"]

1. e4 Nc6 2. Nf3 e5 3. d4 exd4 4. Nxd4 Bb4+ 5. c3 Bc5 6. Nxc6 bxc6 7. Bd3 d6 8.
O-O Ne7 9. Nd2 O-O 10. Nb3 Bb6 11. Nd4 Bd7 12. Qh5 Ng6 13. Kh1 Qh4 14. Qxh4
Nxh4 15. f4 f5 16. g3 fxe4 17. Bxe4 Bxd4 18. cxd4 d5 19. Bc2 Nf5 20. Bxf5 Bxf5
21. Bd2 Rfe8 22. Rfe1 Be4+ 23. Kg1 Rab8 24. b4 Kf7 25. Rac1 Re6 26. Kf2 g6
1/2-1/2

[Event "2. Wittelsbacher Weihnachts-Schach-Open"]
[Site "Kelheim"]
[Date "2013.12.29"]
[Round "5.15"]
[White "Blodig, Constantin"]
[Black "Goderbauer, Josef"]
[Result "1-0"]
[WhiteElo "1932"]
[BlackElo "1703"]
[PlyCount "120"]
[EventDate "2013.??.??"]
[WhiteTeam "SK Kelheim 1920"]
[BlackTeam "SC Moosburg 1956 e.V."]

1. e4 g6 2. Nc3 Bg7 3. g3 c6 4. Bg2 d6 5. d3 Nf6 6. f4 O-O 7. Nf3 Bg4 8. h3
Bxf3 9. Qxf3 Nbd7 10. O-O h6 11. Be3 e6 12. Ne2 e5 13. f5 g5 14. Kh2 Rc8 15.
Rh1 a5 16. a4 Rb8 17. Ba7 Ra8 18. Bf2 Rb8 19. g4 Nh7 20. Qe3 Nhf6 21. Nc3 Ne8
22. Bf3 Nc7 23. Kg2 Bf6 24. Qd2 c5 25. Be3 Kg7 26. Ne2 Rh8 27. Qxa5 Na6 28. Qd2
Nb4 29. Nc3 Be7 30. Nb5 Nc6 31. c3 Qa5 32. Qf2 f6 33. h4 Qd8 34. Bd1 Nb6 35.
Bb3 Na8 36. hxg5 fxg5 37. d4 b6 38. Bd5 cxd4 39. Bxc6 dxe3 40. Qxe3 Nc7 41. c4
Na6 42. Qc3 Nc5 43. b4 Qc8 44. Bd5 Nd7 45. Na7 Qc7 46. Nc6 Rbe8 47. a5 Nf6 48.
Qf3 bxa5 49. Rxa5 Nxd5 50. cxd5 Ra8 51. Rha1 Rxa5 52. Rxa5 Qb6 53. Ra7 Kf6 54.
Rxe7 Ra8 55. Re6+ Kf7 56. Nxe5+ Kg7 57. f6+ Kh8 58. Ng6+ Kg8 59. f7+ Kh7 60.
f8=N+ Kg8 1-0

[Event "2. Wittelsbacher Weihnachts-Schach-Open"]
[Site "Kelheim"]
[Date "2013.12.29"]
[Round "5.16"]
[White "Schindler, Tobias"]
[Black "Schultes, Christoph"]
[Result "0-1"]
[WhiteElo "1594"]
[BlackElo "2028"]
[PlyCount "92"]
[EventDate "2013.??.??"]
[WhiteTeam "SK Kelheim 1920"]
[BlackTeam "SK Landau-Dingolfing"]

1. c4 Nf6 2. g3 c5 3. Bg2 g6 4. Nc3 Bg7 5. Nf3 Nc6 6. d4 cxd4 7. Nxd4 O-O 8.
O-O Nxd4 9. Qxd4 d6 10. Qd3 Rb8 11. Bf4 Nd7 12. b3 Nc5 13. Qd2 Bd7 14. Bh6 Bc6
15. Bxg7 Kxg7 16. Nd5 Bxd5 17. Bxd5 a5 18. Bg2 Qb6 19. Rab1 Qb4 20. Qd4+ f6 21.
e4 Rfd8 22. f4 b5 23. Rfc1 a4 24. Qd1 a3 25. Qc2 bxc4 26. Qxc4 Qd2 27. Rc2 Qe3+
28. Kh1 Rdc8 29. Re2 Qd3 30. Qxd3 Nxd3 31. e5 fxe5 32. fxe5 Nxe5 33. Rbe1 Rc3
34. Bd5 Rbc8 35. Bc4 Rc7 36. Bd5 Rc2 37. Kg1 Rb2 38. Kf1 Rcc2 39. Rxc2 Rxc2 40.
Re2 Rc1+ 41. Re1 Rxe1+ 42. Kxe1 Nd3+ 43. Kd2 Nb4 44. Bc4 Nxa2 45. Kc2 Nb4+ 46.
Kb1 d5 0-1

[Event "2. Wittelsbacher Weihnachts-Schach-Open"]
[Site "Kelheim"]
[Date "2013.12.29"]
[Round "5.17"]
[White "Heppert, Lars"]
[Black "Miethaner, Ulrich"]
[Result "1/2-1/2"]
[WhiteElo "1927"]
[BlackElo "1949"]
[PlyCount "50"]
[EventDate "2013.??.??"]
[WhiteTeam "Schachklub 1872 im BSV Neuburg"]
[BlackTeam "SC Bavaria Regensb.1881"]

1. c4 Nc6 2. g3 d5 3. cxd5 Qxd5 4. Nf3 Nf6 5. Nc3 Qh5 6. Bg2 Bh3 7. O-O O-O-O
8. Qa4 e5 9. Qh4 Qxh4 10. Nxh4 Bxg2 11. Kxg2 a6 12. d3 Bc5 13. Bg5 Rd7 14. Bxf6
gxf6 15. Nf5 Nd4 16. Ne4 Nxf5 17. Nxc5 Re7 18. e3 Rd8 19. Rfd1 Rd6 20. Rac1 Re8
21. Rc3 Rb6 22. Rd2 Ne7 23. a3 f5 24. Rdc2 Nd5 25. Rc4 Rg6 1/2-1/2

[Event "2. Wittelsbacher Weihnachts-Schach-Open"]
[Site "Kelheim"]
[Date "2013.12.29"]
[Round "5.18"]
[White "Obermeier, Johannes"]
[Black "Wltschek, Christian"]
[Result "0-1"]
[WhiteElo "1647"]
[BlackElo "1962"]
[PlyCount "60"]
[EventDate "2013.??.??"]
[WhiteTeam "SK Kelheim 1920"]
[BlackTeam "TSV Wacker Neutraubling"]

1. e4 c5 2. d4 cxd4 3. c3 dxc3 4. Nxc3 e6 5. Nf3 a6 6. Bc4 b5 7. Bb3 Bb7 8. O-O
d6 9. Qe2 Nd7 10. Rd1 Ngf6 11. Bf4 Qb8 12. Rac1 Be7 13. e5 Bxf3 14. Qxf3 dxe5
15. Bg5 Ra7 16. Bxf6 Bxf6 17. Ne4 O-O 18. Qg4 Kh8 19. Rc3 Be7 20. Rg3 Rg8 21.
Rh3 Nf8 22. Qh5 g6 23. Qh6 Rg7 24. g4 f5 25. gxf5 exf5 26. Nc3 Rd7 27. Nd5 Qd8
28. Re1 Bg5 29. Qxg7+ Kxg7 30. Rxe5 Bf6 0-1

[Event "2. Wittelsbacher Weihnachts-Schach-Open"]
[Site "Kelheim"]
[Date "2013.12.29"]
[Round "5.19"]
[White "Nöckler, Alexander"]
[Black "Dietl, Harald"]
[Result "1-0"]
[WhiteElo "1976"]
[BlackElo "1798"]
[PlyCount "51"]
[EventDate "2013.??.??"]
[WhiteTeam "Schachklub Weiden 1907"]
[BlackTeam "SK Abensberg"]

1. c4 e5 2. Nc3 Nf6 3. Nf3 Nc6 4. g3 Bb4 5. Bg2 O-O 6. O-O d6 7. Nd5 Bc5 8. a3
a5 9. d3 h6 10. Bd2 Nd4 11. e3 Ne6 12. Bc3 c6 13. Nxf6+ Qxf6 14. d4 Bb6 15.
dxe5 dxe5 16. Bxe5 Qf5 17. b4 Rd8 18. Qb1 Qh5 19. Rd1 Re8 20. Bc3 a4 21. Qe4
Kf8 22. Qh7 f6 23. b5 Nc5 24. bxc6 Bf5 25. Qh8+ Ke7 26. Qxg7+ 1-0

[Event "2. Wittelsbacher Weihnachts-Schach-Open"]
[Site "Kelheim"]
[Date "2013.12.29"]
[Round "5.20"]
[White "Goderbauer, Benedikt"]
[Black "Helf, Stefan"]
[Result "0-1"]
[WhiteElo "1760"]
[BlackElo "1598"]
[PlyCount "80"]
[EventDate "2013.??.??"]
[WhiteTeam "SC Moosburg 1956 e.V."]
[BlackTeam "SK Abensberg"]

1. e4 c5 2. Nc3 Nc6 3. Bb5 d6 4. Bxc6+ bxc6 5. f4 Nf6 6. Nf3 e6 7. O-O Be7 8.
d3 O-O 9. b3 Rb8 10. Na4 d5 11. e5 Nd7 12. c4 f6 13. exf6 Bxf6 14. Rb1 e5 15.
fxe5 Nxe5 16. Nxe5 Bxe5 17. Bb2 Bd6 18. Qh5 g6 19. Qh6 Rxf1+ 20. Rxf1 d4 21.
Ba3 Qe7 22. Qd2 Bf5 23. Re1 Qh4 24. g3 Bxg3 25. hxg3 Qxg3+ 26. Kh1 Bg4 27. Rg1
Qh3+ 28. Qh2 Bf3+ 29. Rg2 Bxg2+ 30. Kg1 Re8 31. Qxh3 Bxh3 32. Bxc5 Bf5 33. Bxa7
Bxd3 34. Bxd4 Bb1 35. Nc3 Bd3 36. Kf2 Kf7 37. Na4 Ra8 38. Bb2 Bb1 39. a3 Ba2
40. b4 Rxa4 0-1

[Event "2. Wittelsbacher Weihnachts-Schach-Open"]
[Site "Kelheim"]
[Date "2013.12.29"]
[Round "5.21"]
[White "Müller, Johannes"]
[Black "Schmitz, Björn"]
[Result "0-1"]
[WhiteElo "1580"]
[BlackElo "1742"]
[PlyCount "54"]
[EventDate "2013.??.??"]
[WhiteTeam "SK Kelheim 1920"]
[BlackTeam "SV Saal/Donau e.V.SAbt"]

1. d4 Nf6 2. c4 c5 3. d5 e6 4. Nc3 exd5 5. cxd5 d6 6. e4 g6 7. Bb5+ Nfd7 8. a4
Na6 9. Nf3 Bg7 10. Bf4 Qe7 11. O-O O-O 12. Re1 Ne5 13. Nxe5 Bxe5 14. Bxe5 Qxe5
15. Qd2 Nb4 16. Re2 a6 17. Bc4 Re8 18. h3 Bd7 19. f4 Qd4+ 20. Qxd4 cxd4 21. e5
dxc3 22. bxc3 b5 23. axb5 axb5 24. Rxa8 Rxa8 25. e6 Be8 26. Bb3 Nd3 27. f5 Nc1
0-1

[Event "2. Wittelsbacher Weihnachts-Schach-Open"]
[Site "Kelheim"]
[Date "2013.12.29"]
[Round "5.22"]
[White "Aigner, Georg"]
[Black "Fröhlich, Manuel"]
[Result "1-0"]
[WhiteElo "1896"]
[BlackElo "1727"]
[PlyCount "93"]
[EventDate "2013.??.??"]
[WhiteTeam "TSV Dietfurt/Altm. e.V."]
[BlackTeam "TSV Oberviechtach"]

1. e4 c5 2. Nf3 Nc6 3. d4 cxd4 4. Nxd4 e5 5. Nb5 a6 6. Nd6+ Bxd6 7. Qxd6 Qe7 8.
Qd3 d6 9. Be3 Be6 10. Nc3 Nf6 11. Be2 Rd8 12. Bb6 Rd7 13. a3 d5 14. exd5 Bxd5
15. Qg3 O-O 16. O-O-O Qe6 17. Be3 b5 18. Nxd5 Nxd5 19. Kb1 b4 20. Bc5 Rb8 21.
axb4 Ncxb4 22. Bxb4 Rxb4 23. Rd3 Rdb7 24. Rb3 Rxb3 25. cxb3 Nb4 26. Qc3 Qf5+
27. Ka1 e4 28. Rd1 Qa5+ 29. Kb1 Qa2+ 30. Kc1 Qa1+ 31. Kd2 Rd7+ 32. Ke1 Rxd1+
33. Bxd1 Nd3+ 34. Kd2 Qxb2+ 35. Qxb2 Nxb2 36. Bc2 Nd3 37. Bxd3 exd3 38. Kxd3
Kf8 39. Kc4 Ke7 40. Kb4 Kd7 41. Ka5 Kc6 42. b4 Kb7 43. b5 axb5 44. Kxb5 f5 45.
f4 h6 46. h4 g5 47. fxg5 1-0

[Event "2. Wittelsbacher Weihnachts-Schach-Open"]
[Site "Kelheim"]
[Date "2013.12.29"]
[Round "5.23"]
[White "Wieczorek, Heinz"]
[Black "Braun, Kristin"]
[Result "0-1"]
[WhiteElo "1815"]
[BlackElo "1780"]
[PlyCount "42"]
[EventDate "2013.??.??"]
[WhiteTeam "SW Nürnberg Süd e.V."]
[BlackTeam "SC Forchheim e.V."]

1. e4 d5 2. exd5 Nf6 3. Nf3 Nxd5 4. d4 g6 5. Be2 Bg7 6. Nbd2 O-O 7. Ne4 Nc6 8.
c4 Nb6 9. Be3 Bg4 10. d5 Bxf3 11. gxf3 Ne5 12. Qc2 c6 13. dxc6 Nxc6 14. h4 Nd4
15. Qd2 Nxc4 16. Qc1 Nxe3 17. fxe3 Qa5+ 18. Kf2 Nxe2 19. Kxe2 Qb5+ 20. Kf2 Rac8
21. Qe1 Qxb2+ 0-1

[Event "2. Wittelsbacher Weihnachts-Schach-Open"]
[Site "Kelheim"]
[Date "2013.12.29"]
[Round "5.24"]
[White "Mühlich, Cornelius"]
[Black "Schmidt, Franz"]
[Result "0-1"]
[WhiteElo "1453"]
[BlackElo "1880"]
[PlyCount "84"]
[EventDate "2013.??.??"]
[WhiteTeam "SK Kelheim 1920"]
[BlackTeam "SK Abensberg"]

1. c4 c6 2. g3 d5 3. Bg2 d4 4. d3 Nf6 5. Nf3 c5 6. O-O Nc6 7. Nbd2 e5 8. a3 Bd6
9. Nb3 h6 10. Bd2 O-O 11. Nc1 Re8 12. Na2 e4 13. dxe4 Nxe4 14. Rb1 Bf5 15. Ra1
a5 16. b3 Qc7 17. Nh4 Bh7 18. Re1 Rad8 19. Nc1 Ne5 20. Nd3 b5 21. cxb5 c4 22.
Nxe5 Bxe5 23. bxc4 Nc3 24. Qb3 a4 25. b6 axb3 26. bxc7 Bxc7 27. e4 b2 28. Bxc3
dxc3 29. Rab1 Be5 30. Nf3 c2 31. Nxe5 cxb1=Q 32. Rxb1 Rxe5 33. Rxb2 Bxe4 34.
Re2 Rde8 35. f4 R5e7 36. Bf1 f5 37. Ra2 Ra7 38. c5 Ra5 39. a4 Rxc5 40. a5 Ra8
41. a6 Ra7 42. Rb2 Rc1 0-1

[Event "2. Wittelsbacher Weihnachts-Schach-Open"]
[Site "Kelheim"]
[Date "2013.12.29"]
[Round "5.25"]
[White "Rohne, Niklas"]
[Black "Meulner, Fabian"]
[Result "0-1"]
[WhiteElo "1486"]
[BlackElo "1901"]
[PlyCount "54"]
[EventDate "2013.??.??"]
[WhiteTeam "SK Landau-Dingolfing"]
[BlackTeam "SW Nürnberg Süd e.V."]

1. c4 e5 2. Nc3 Bb4 3. g3 Bxc3 4. dxc3 d6 5. Bg2 Nc6 6. c5 Be6 7. cxd6 cxd6 8.
e4 Nge7 9. Ne2 h5 10. f4 Qc7 11. Be3 Rd8 12. f5 Bc4 13. b3 Ba6 14. b4 Bc4 15.
Qa4 b5 16. Qc2 d5 17. exd5 Nxd5 18. Bc5 h4 19. Kf2 f6 20. gxh4 Rxh4 21. Bf3 e4
22. Bxe4 Rxh2+ 23. Bg2 Rxg2+ 24. Kxg2 Kf7 25. Qe4 Re8 26. Qf3 Rxe2+ 27. Kg1 Nf4
0-1

[Event "2. Wittelsbacher Weihnachts-Schach-Open"]
[Site "Kelheim"]
[Date "2013.12.29"]
[Round "5.26"]
[White "Klimpel, Siegfried"]
[Black "Tautz, Helmut"]
[Result "1-0"]
[WhiteElo "1888"]
[BlackElo "1526"]
[PlyCount "120"]
[EventDate "2013.??.??"]
[WhiteTeam "TSV Kareth-Lappersdorf"]
[BlackTeam "SK Kelheim 1920"]

1. e4 g6 2. Nc3 Bg7 3. Bc4 d6 4. f4 Nc6 5. Nf3 Nf6 6. Bb3 O-O 7. h3 Na5 8. O-O
Nxb3 9. axb3 c6 10. Qe1 Re8 11. d3 b5 12. e5 Nd5 13. Nxd5 cxd5 14. Qh4 e6 15.
Qf2 Bb7 16. d4 Rf8 17. Bd2 a5 18. b4 a4 19. Ng5 h6 20. Nf3 Qc7 21. c3 f6 22.
Qg3 Qf7 23. Nh4 Kh7 24. Nf3 Qe8 25. Qh4 Kg8 26. Rfe1 Bc6 27. Nh2 Ra7 28. Re2
dxe5 29. fxe5 g5 30. Qg3 Qh5 31. Qd3 Be8 32. exf6 Rxf6 33. Ng4 Rg6 34. Rf2 Rf7
35. Rxf7 Kxf7 36. b3 axb3 37. Rb1 Kg8 38. Rxb3 e5 39. dxe5 Re6 40. Qxd5 Bf7 41.
Qxb5 Bxe5 42. Rb1 Qg6 43. Qf1 Bg7 44. b5 Rb6 45. c4 Kh7 46. Re1 h5 47. Ne5 Bxe5
48. Rxe5 Rf6 49. Qc1 Qd3 50. Bxg5 Qd4+ 51. Qe3 Qd1+ 52. Kh2 Rf1 53. Qe4+ Kg8
54. Bh6 Rh1+ 55. Kg3 Qb3+ 56. Qe3 Qxe3+ 57. Bxe3 Bxc4 58. b6 Kf7 59. Rxh5 Rb1
60. Rh7+ Kg8 1-0

[Event "2. Wittelsbacher Weihnachts-Schach-Open"]
[Site "Kelheim"]
[Date "2013.12.29"]
[Round "5.27"]
[White "Zinner, Bernhard"]
[Black "Schwab, Leon"]
[Result "1-0"]
[WhiteElo "1656"]
[BlackElo "967"]
[PlyCount "57"]
[EventDate "2013.??.??"]
[WhiteTeam "TV 1862 Geiselhöring"]
[BlackTeam "SK Kelheim 1920"]

1. d4 d5 2. c4 Nf6 3. Nf3 Bg4 4. Ne5 Nbd7 5. h3 Bf5 6. Nc3 e6 7. a3 Bd6 8. g4
Bg6 9. Bf4 O-O 10. Bg2 Bxe5 11. dxe5 Ne4 12. cxd5 Nxc3 13. bxc3 exd5 14. Qxd5
c6 15. Qd6 Re8 16. Rd1 Re7 17. Bg5 f6 18. exf6 Rf7 19. f4 Bc2 20. Rd2 gxf6 21.
Bh4 Bb3 22. Be4 Qe8 23. Bf5 Bd5 24. Rg1 Qe3 25. Rg3 Qe8 26. g5 fxg5 27. Rxg5+
Kh8 28. Bxd7 Qxd7 29. Qe5+ 1-0

[Event "2. Wittelsbacher Weihnachts-Schach-Open"]
[Site "Kelheim"]
[Date "2013.12.29"]
[Round "5.28"]
[White "Voith, Walter"]
[Black "Adlhoch, Walter"]
[Result "1-0"]
[WhiteElo "1677"]
[BlackElo "1258"]
[PlyCount "107"]
[EventDate "2013.??.??"]
[WhiteTeam "TSV Oberviechtach"]
[BlackTeam "SK Schwandorf"]

1. Nf3 Nf6 2. g3 g6 3. Bg2 Bg7 4. O-O O-O 5. d3 d5 6. Nbd2 Nbd7 7. e4 dxe4 8.
dxe4 c6 9. Qe2 Qc7 10. Re1 e5 11. a4 a5 12. b3 b6 13. Bb2 Re8 14. Bh3 Ba6 15.
Qe3 Kh8 16. Bf1 Bb7 17. h3 Ng8 18. Bc4 Bh6 19. Qe2 Nc5 20. Kg2 f6 21. Nf1 Rad8
22. Rad1 Bg7 23. g4 Ne6 24. Bxe6 Rxe6 25. Rxd8 Qxd8 26. Rd1 Rd6 27. Rxd6 Qxd6
28. Qd2 Qxd2 29. N3xd2 c5 30. f3 Ba6 31. Ne3 Ne7 32. Nd5 Nxd5 33. exd5 Kg8 34.
c4 h6 35. Kg3 Kf7 36. f4 exf4+ 37. Kxf4 Bc8 38. Ne4 g5+ 39. Kf3 Ke7 40. Ng3 Kf7
41. Ke4 f5+ 42. Nxf5 Bxf5+ 43. Kxf5 Bxb2 44. d6 Kg7 45. Ke6 Bf6 46. Kd7 Kf7 47.
Kc7 Ke6 48. d7 Be7 49. d8=Q Bxd8+ 50. Kxd8 Ke5 51. Kc7 Kd4 52. Kxb6 Kc3 53.
Kxa5 Kxb3 54. Kb5 1-0

[Event "2. Wittelsbacher Weihnachts-Schach-Open"]
[Site "Kelheim"]
[Date "2013.12.29"]
[Round "5.29"]
[White "Glück, Ulrich"]
[Black "Beilschmidt, Eva"]
[Result "1/2-1/2"]
[WhiteElo "1723"]
[BlackElo "1891"]
[PlyCount "52"]
[EventDate "2013.??.??"]
[WhiteTeam "MSA Zugzwang 82 e.V."]
[BlackTeam "SK Kelheim 1920"]

1. d4 Nf6 2. c4 c5 3. d5 d6 4. Nc3 g6 5. e4 Bg7 6. f4 O-O 7. Bd3 Re8 8. Nf3 e6
9. dxe6 Bxe6 10. O-O Nc6 11. f5 Bc8 12. fxg6 hxg6 13. Bg5 Qa5 14. Qd2 Be6 15.
Bh6 Qd8 16. Bxg7 Kxg7 17. Nd5 Bxd5 18. exd5 Ne5 19. Nxe5 Rxe5 20. Rf3 Ne4 21.
Bxe4 Rxe4 22. Raf1 f5 23. Qc3+ Qf6 24. Qxf6+ Kxf6 25. b3 Rae8 26. h3 Kg5
1/2-1/2

[Event "2. Wittelsbacher Weihnachts-Schach-Open"]
[Site "Kelheim"]
[Date "2013.12.29"]
[Round "5.30"]
[White "Urban, Rudolf"]
[Black "Karl, Thomas"]
[Result "1-0"]
[WhiteElo "1932"]
[BlackElo "1495"]
[PlyCount "41"]
[EventDate "2013.??.??"]
[WhiteTeam "SC Roter Turm Altstadt"]
[BlackTeam "SK Kelheim 1920"]

1. d4 d5 2. Nf3 Nf6 3. Bf4 e6 4. Nbd2 Bd6 5. Bg3 O-O 6. e3 b6 7. Bd3 c5 8. c3
Bb7 9. O-O Nc6 10. Qe2 Bxg3 11. hxg3 Re8 12. Ne5 Nxe5 13. dxe5 Nd7 14. f4 f6
15. exf6 Nxf6 16. Nf3 h6 17. Ne5 Nd7 18. Bb5 Bc8 19. Bxd7 Bxd7 20. Kf2 Kf8 21.
Qh5 1-0

[Event "2. Wittelsbacher Weihnachts-Schach-Open"]
[Site "Kelheim"]
[Date "2013.12.29"]
[Round "5.31"]
[White "Mosler, Ernst"]
[Black "Schmitz, Marc"]
[Result "0-1"]
[WhiteElo "1336"]
[BlackElo "1732"]
[PlyCount "116"]
[EventDate "2013.??.??"]
[WhiteTeam "SV Wettstetten e.V."]
[BlackTeam "SV Saal/Donau e.V.SAbt"]

1. e4 c5 2. Nf3 d6 3. d4 cxd4 4. Nxd4 a6 5. Nc3 Nf6 6. Be3 Ng4 7. Qd2 Nxe3 8.
Qxe3 e6 9. Be2 Be7 10. O-O O-O 11. Rfd1 Qc7 12. Qd3 Nc6 13. Nxc6 bxc6 14. Kh1
Qb6 15. f3 a5 16. a4 Rd8 17. Qd2 Bf6 18. Ra3 Qxb2 19. Rb3 Bxc3 20. Rxb2 Bxd2
21. Rxd2 d5 22. Rb6 Bd7 23. e5 Rdb8 24. Rb3 Rb4 25. Ra3 Rb1+ 26. Rd1 Rab8 27.
Ra1 Rxd1+ 28. Rxd1 Rb4 29. c3 Rxa4 30. Rb1 Kf8 31. Kg1 Ra2 32. Kf1 a4 33. Bd1
Ke7 34. h3 Kd8 35. Rb7 c5 36. Ra7 Ra3 37. Ra8+ Kc7 38. Ra7+ Kd8 39. Ra8+ Ke7
40. Ra7 Ra2 41. g3 Kd8 42. Ra8+ Kc7 43. Ra7+ Kc8 44. f4 Ra3 45. Kf2 Rxc3 46.
Bxa4 Bxa4 47. Rxa4 Kb7 48. h4 h5 49. Ra2 Rb3 50. Rc2 c4 51. Ra2 g6 52. Rc2 Kb6
53. Ra2 d4 54. Rd2 Kc5 55. Ra2 c3 56. Ra7 Kc4 57. Rxf7 Kd3 58. Rc7 c2 0-1

[Event "2. Wittelsbacher Weihnachts-Schach-Open"]
[Site "Kelheim"]
[Date "2013.12.29"]
[Round "5.32"]
[White "Rösch, Maximilian"]
[Black "Hessler, Markus"]
[Result "1/2-1/2"]
[WhiteElo "1235"]
[BlackElo "1714"]
[PlyCount "73"]
[EventDate "2013.??.??"]
[WhiteTeam "SK Kelheim 1920"]
[BlackTeam "Schachfreunde Roding"]

1. e4 e6 2. d4 d5 3. exd5 exd5 4. Bd3 Nc6 5. c3 Bd6 6. Be3 Nge7 7. Qc2 h6 8.
Nd2 Be6 9. Ngf3 Qd7 10. Nb3 Bf5 11. Bxf5 Qxf5 12. Qxf5 Nxf5 13. Bd2 O-O-O 14.
O-O-O g5 15. g4 Ng7 16. Ne1 Rde8 17. Kc2 Ne6 18. Nd3 Ne7 19. Nbc1 Ng6 20. Ne2
Nh4 21. h3 b6 22. f4 gxf4 23. Nexf4 Ng6 24. Nxd5 Ng5 25. Bxg5 hxg5 26. Kd2 c6
27. Nf6 Re6 28. Nh5 Nh4 29. Rhf1 Re7 30. Rf6 Rd8 31. Rdf1 Rdd7 32. Ng7 c5 33.
Nf5 Nxf5 34. R6xf5 c4 35. Nb4 Bxb4 36. cxb4 Rxd4+ 37. Kc3 1/2-1/2

[Event "2. Wittelsbacher Weihnachts-Schach-Open"]
[Site "Kelheim"]
[Date "2013.12.29"]
[Round "5.33"]
[White "Kellner, Christian"]
[Black "Krause, Karl-Heinz"]
[Result "1-0"]
[WhiteElo "1623"]
[BlackElo "1472"]
[PlyCount "75"]
[EventDate "2013.??.??"]
[WhiteTeam "SK Kelheim 1920"]
[BlackTeam "SK Landau-Dingolfing"]

1. c4 e5 2. Nc3 Nc6 3. g3 Bc5 4. Bg2 Nge7 5. a3 a6 6. e3 O-O 7. Nge2 Ng6 8. O-O
d6 9. b4 Ba7 10. Bb2 Nce7 11. f4 c6 12. Kh1 Bd7 13. e4 f5 14. d4 Qc8 15. fxe5
dxe5 16. d5 fxe4 17. Nxe4 cxd5 18. cxd5 Nf5 19. Rc1 Qd8 20. Qb3 Kh8 21. Nc5 Rf6
22. Nxb7 Qf8 23. Nc5 Bb5 24. Rc2 Bxe2 25. Re1 Bg4 26. h3 Nh6 27. hxg4 Nxg4 28.
Nd7 Qe8 29. Nxf6 gxf6 30. Qf3 h5 31. Bh3 Kg7 32. Rc7+ Kg8 33. Bxg4 Qd8 34. Be6+
Kf8 35. Rd7 Qxd7 36. Qxf6+ Ke8 37. Qxg6+ Ke7 38. Bxd7 1-0

[Event "2. Wittelsbacher Weihnachts-Schach-Open"]
[Site "Kelheim"]
[Date "2013.12.29"]
[Round "5.34"]
[White "Fritsch, Julian"]
[Black "Burgard, Manfred"]
[Result "1-0"]
[WhiteElo "1554"]
[BlackElo "1411"]
[PlyCount "97"]
[EventDate "2013.??.??"]
[WhiteTeam "SK Kelheim 1920"]
[BlackTeam "Schachfreunde Roding"]

1. d4 Nf6 2. c4 e6 3. Nc3 Bb4 4. Nf3 c5 5. dxc5 Bxc3+ 6. bxc3 Qa5 7. Qb3 Nc6 8.
Ba3 Ne4 9. Bb4 Qc7 10. a4 a5 11. Ba3 Qf4 12. e3 Qf6 13. Bd3 Qg6 14. O-O f5 15.
Bxe4 fxe4 16. Nd4 e5 17. Nb5 O-O 18. Nd6 Rb8 19. Qc2 Rd8 20. Qxe4 Qxe4 21. Nxe4
b6 22. cxb6 Rxb6 23. Rab1 Rxb1 24. Rxb1 Kf7 25. Rd1 h6 26. Nd6+ Ke6 27. Nxc8
Rxc8 28. Rd6+ Kf5 29. Rxd7 Kf6 30. Rd5 Rc7 31. Rc5 Ke6 32. f4 exf4 33. exf4 Kf6
34. g4 Rc8 35. h4 g6 36. g5+ Kg7 37. Rd5 h5 38. Rd7+ Kg8 39. Kf2 Rb8 40. Rd6
Nd8 41. Rxg6+ Kh7 42. Rh6+ Kg8 43. Rf6 Nf7 44. g6 Nh6 45. Ke2 Ng4 46. Rf5 Kg7
47. Rxh5 Rb3 48. Bc5 Rxc3 49. Bd4+ 1-0